<?xml version="1.0" encoding="utf-8"?>
<?xml-stylesheet type='text/xsl' href='./oai2.xsl'?>
<OAI-PMH xmlns="http://www.openarchives.org/OAI/2.0/" xmlns:xsi="http://www.w3.org/2001/XMLSchema-instance" xsi:schemaLocation="http://www.openarchives.org/OAI/2.0/ http://www.openarchives.org/OAI/2.0/OAI-PMH.xsd">
  <responseDate>2026-06-05T11:18:56Z</responseDate>
  <request verb="GetRecord" metadataPrefix="marcxml" identifier="record_kuniweb_21860">https://kulturerbe.niedersachsen.de/oai</request>
  <GetRecord>
    <record>
      <header>
        <identifier>record_kuniweb_21860</identifier>
        <datestamp>2015-06-19T12:07:43Z</datestamp>
        <setSpec>slg0103</setSpec>
      </header>
      <metadata>
        <marc:record xmlns:marc="http://www.loc.gov/MARC21/slim" xsi:schemaLocation="http://www.loc.gov/MARC21/slim http://www.loc.gov/standards/marcxml/schema/MARC21slim.xsd">
          <marc:leader>12345nem  22     uu 4500</marc:leader>
          <marc:controlfield tag="001">21860</marc:controlfield>
          <marc:controlfield tag="003">http://kuniweb.gbv.de</marc:controlfield>
          <marc:controlfield tag="005">2015-06-12T08:33:19</marc:controlfield>
          <marc:controlfield tag="008">|           ||||||||||||||||||||||</marc:controlfield>
          <marc:datafield tag="245" ind1="1" ind2="0">
            <marc:subfield code="a">Confédérat(ion) du Rhin</marc:subfield>
          </marc:datafield>
          <marc:datafield tag="700" ind1="1" ind2=" ">
            <marc:subfield code="a">Pelicier</marc:subfield>
            <marc:subfield code="e">Kupferstecher</marc:subfield>
          </marc:datafield>
          <marc:datafield tag="700" ind1="1" ind2=" ">
            <marc:subfield code="a">Chamouin</marc:subfield>
            <marc:subfield code="d">* 1768</marc:subfield>
            <marc:subfield code="e">Kupferstecher</marc:subfield>
          </marc:datafield>
          <marc:datafield tag="700" ind1="1" ind2=" ">
            <marc:subfield code="a">Malte-Brun</marc:subfield>
            <marc:subfield code="d">* 1775 † 1826</marc:subfield>
            <marc:subfield code="e">Zeichner</marc:subfield>
          </marc:datafield>
          <marc:datafield tag="655" ind1=" " ind2="7">
            <marc:subfield code="a">Karten</marc:subfield>
          </marc:datafield>
          <marc:datafield tag="046" ind1=" " ind2=" ">
            <marc:subfield code="k">1837</marc:subfield>
            <marc:subfield code="k">Jahr der Veröffentlichung 1837</marc:subfield>
          </marc:datafield>
          <marc:datafield tag="260" ind1=" " ind2=" ">
            <marc:subfield code="g">1837</marc:subfield>
            <marc:subfield code="g">Jahr der Veröffentlichung 1837</marc:subfield>
          </marc:datafield>
          <marc:datafield tag="300" ind1=" " ind2=" ">
            <marc:subfield code="a">Höhe: 29,5 cm
Breite: 22 cm</marc:subfield>
          </marc:datafield>
          <marc:datafield tag="520" ind1=" " ind2=" ">
            <marc:subfield code="a">Maßstäbe (in cm): 6 Myriamètres (60.000 m) = 1,5 – 15 gewöhnliche französische Meilen = 1,7 – 10 deutsche Meilen = 1,9
Ausrichtung: Norden
Rückseite: leer

Anmerkungen: 
Die Karte stellt den Höhepunkt napoleonischer Macht in Deutschland dar. Dieser kommt vor allem auch in der Annektion des Nordwestens von Niedersachsen durch Frankreich von Dezember 1810 bis zum Herbst 1813 zum Audruck. Ferner zeigt er sich in der Aufzählung von 22 westdeutschen Fürsten, die ihre Territorien, u. a. das sogenannte Königreich Westfalen,  zu dem von Frankreich politisch und militärisch abhängigen Rheinbund zusammengeschlossen haben.


Veröffentlicht in:
C. Malte-Brun und Huot, J. J. N., „Atlas Complet de précis de la géographie universelle. Précis de la géographie universelle, ou description de toutes les parties du monde sur un plan nouveau d'après les grandes divisions naturelles du globe ; Atlas“. Lejeune, Bruxelles, 1837. (auch bei François Buisson, Paris 1837)</marc:subfield>
          </marc:datafield>
          <marc:datafield tag="650" ind1="1" ind2=" ">
            <marc:subfield code="a">Landkarte</marc:subfield>
          </marc:datafield>
          <marc:datafield tag="773" ind1="0" ind2=" ">
            <marc:subfield code="t">Sammlung Körber-Einbeck</marc:subfield>
          </marc:datafield>
          <marc:datafield tag="852" ind1=" " ind2=" ">
            <marc:subfield code="a">Institut für Historische Landesforschung der Universität Göttingen</marc:subfield>
          </marc:datafield>
          <marc:datafield tag="" ind1=" " ind2=" ">
            <marc:subfield code="a">Namensnennung-Nicht kommerziell 4.0 International (CC BY-NC 4.0))</marc:subfield>
          </marc:datafield>
        </marc:record>
      </metadata>
    </record>
  </GetRecord>
</OAI-PMH>
